Dungeons & Dragons 5e, races - Statistics

General Stats
  • This quiz has been taken 206 times
    205 since last reset
  • The average score is 40 of 107
Answer Stats
Book Race / Lineage Subrace Subrace Subrace Subrace % Correct
Explorer's Guide to Wildemount Elf Pallid Elf
97%
Eberron Rising from the Last War Human Mark of Sentinel
95%
Eberron Rising from the Last War Dwarf Mark of Warding
91%
Eberron Rising from the Last War Half-Elf Mark of Detection Mark of Storm
87%
Eberron Rising from the Last War Gnome Mark of Scribing
85%
Eberron Rising from the Last War Half-Orc Mark of Finding
84%
Dark Elf / Drow
83%
Volo's Guide to Monsters Eberron Rising from the Last War Explorer's Guide to Wildemount Orc
81%
Explorer's Guide to Wildemount Halfling Lotusden
80%
Mordenkainen's Tome of Foes Tiefling Levistus Mammon Mephistopheles Zariel
79%
Explorer's Guide to Wildemount Dragonborn Draconblood Ravenite
77%
Volo's Guide to Monsters Guildmaster's Guide to Ravnica Eberron Rising from the Last War Goblin
77%
High Elf
77%
Volo's Guide to Monsters Aasimar Protector Aasimar Scourge Aasimar Fallen Aasimar
73%
Drow Descent
73%
Wood Elf
72%
Wood Elf Descent
72%
Elemental Evil's Player Companion Genasi Air Genasi Earth Genasi Fire Genasi Water Genasi
65%
Eberron Rising from the Last War Warforged
62%
Elemental Evil's Player Companion Aarakocra
61%
Volo's Guide to Monsters Goliath
59%
Guildmaster's Guide to Ravnica Mythic Odysseys of Theros Centaur
57%
Air Genasi
56%
Fire Genasi
56%
Water Genasi
56%
Volo's Guide to Monsters Eberron Rising from the Last War Bugbear
55%
Earth Genasi
55%
Hill Dwarf
55%
Volo's Guide to Monsters Eberron Rising from the Last War Hobgoblin
55%
Volo's Guide to Monsters Tabaxi
55%
Mountain Dwarf
51%
Eladrin
50%
Guildmaster's Guide to Ravnica Mythic Odysseys of Theros Minotaur
50%
The Wild beyond the Witchlight Fairy
49%
Volo's Guide to Monsters Kobold
49%
The *** Package Tortle
49%
Eberron Rising from the Last War Changeling
48%
Volo's Guide to Monsters Lizardfolk
48%
Sea Elf
48%
Volo's Guide to Monsters Kenku
47%
Deep Gnome / Svirfneblin
45%
Volo's Guide to Monsters Yuan-ti Pureblood
45%
Duergar
42%
Mythic Odysseys of Theros Leonin
42%
Rock Gnome
42%
Mordenkainen's Tome of Foes Gith Githyanki Githzerai
40%
Forest Gnome
39%
Volo's Guide to Monsters Firbolg
38%
Lightfoot
38%
Guildmaster's Guide to Ravnica Loxodon
38%
Eberron Rising from the Last War Shifter Beasthide Longtooth Swiftstride Wildhunt
38%
Stout
38%
Volo's Guide to Monsters Mythic Odysseys of Theros Triton
38%
Githyanki
37%
Mythic Odysseys of Theros Satyr
37%
Van Richten's Guide to Ravenloft Dhampir
36%
Fallen Aasimar
34%
One *** Above Grung
34%
Githzerai
33%
The Wild beyond the Witchlight Harengon
33%
Shadar-kai
30%
Eberron Rising from the Last War Kalashtar
29%
Asmodeus
27%
Moon Elf / Sun Elf Descent
27%
*** Rising Locathah
26%
Protector Aasimar
24%
Guildmaster's Guide to Ravnica Simic Hybrid
23%
Van Richten's Guide to Ravenloft Reborn
22%
Acquisitions Incorporated Verdan
22%
Van Richten's Guide to Ravenloft Hexblood
21%
Guildmaster's Guide to Ravnica Vedalken
21%
Mark of Shadow
19%
Scourge Aasimar
19%
Winged
19%
Zariel
18%
Mark of Hospitality
16%
Mark of Finding
15%
Mark of Healing
14%
Mammon
13%
Mark of Warding
13%
Pallid Elf
13%
Ravenite
13%
Lotusden
12%
Mark of Making
11%
Mephistopheles
11%
Beasthide
10%
Draconblood
10%
Ghostwise Halfling
10%
Longtooth
10%
Mark of Passage
10%
Mark of Storm
10%
Dispater
9%
Fierna
9%
Glasya
9%
Levistus
9%
Mark of Handling
9%
Mark of Scribing
9%
Mark of Sentinel
9%
Swiftstride
9%
Wildhunt
9%
Devil's Tongue
7%
Aquatic Heritage
6%
Baalzebul
6%
Infernal Legacy
4%
Mark of Detection
4%
Hellfire
3%
No matching quizzes found
Score Distribution
Percent of People with Each Score
Percentile by Number Answered
Your Score History
You have not taken this quiz since the last reset